Strategy in advertising.

Bibliographic Details
Main Author: Bogart, Leo
Format: Book
Language:English
Published: New York : Harcourt, Brace & World, [1967]
Series:Harbrace series in business and economics.
Subjects:

MARC

Tag First Indicator Second Indicator Subfields
LEADER 00000cam a22000001 4500
001 in00000214921
005 20151009060629.0
008 790405s1967 nyua b 00000 eng
010 |a  67017508  
035 |a (OCoLC)00244850 
035 |9 AAX4103AM 
040 |a DLC  |c DLC  |d TXA  |d UtOrBLW 
049 |a TXAM  |c [800539] 
050 0 0 |a HF5821  |b .B53 
082 0 |a 659.1 
100 1 |a Bogart, Leo. 
245 1 0 |a Strategy in advertising. 
264 1 |a New York :  |b Harcourt, Brace & World,  |c [1967] 
300 |a ix, 336 pages :  |b illustrations ;  |c 24 cm. 
336 |a text  |b txt  |2 rdacontent 
337 |a unmediated  |b n  |2 rdamedia 
338 |a volume  |b nc  |2 rdacarrier 
490 1 |a The Harbrace series in business and economics 
504 |a "Bibliography, a guide to further reading and inquiry" : pages 322-327. Bibliographical footnotes. 
650 0 |a Advertising. 
830 0 |a Harbrace series in business and economics. 
999 |a MARS 
999 f f |s fb5b3a6c-429c-3759-a0f6-e3234ce5e8a5  |i 24a87d5f-9cdf-3b02-8af7-2873aa29945a  |t 0 
952 f f |p ric  |a Texas A&M University  |b Rellis Campus  |c Joint Library Facility  |d Remote Storage  |t 0  |e HF5821 .B53  |h Library of Congress classification  |i unmediated -- volume  |m A14802850830 
998 f f |a HF5821 .B53  |t 0  |l Remote Storage